000 00733cab a2200217 4500
001 WB3321-09
008 090401t1997 xxu||||| |||| 00| 0 eng d
035 _a(Sirsi) u78655
041 _aeng
245 _aFactory shop investors
260 _c1997
350 _a0
490 _aBirmingham Post
_v29 May 1997, 21(1)
520 _aFactory shops are poised to play an increasingly significant role in the retail distribution market following a recent surge in interest among retailers, according to a report from DTZ Debenham Thorpe.
650 _aDTZ DEBENHAM THORPE
650 _aFACTORY OUTLETS
650 _aFACTORY SHOPS
690 _aPROPERTY-COMMERCIAL PROPERTY-RETAIL PROPERTY
942 _n0
948 _c29/05/1997
999 _c49461
_d49461